000 00651nam a2200253Ia 4500
005 20260121155228.0
008 008 260114s9999 xx 000 0 eng d
020 _a9780429280627
037 _aEBOOK
040 _aCRL
040 _beng
040 _cCRL
041 _2eng
041 _aeng
084 _qCRL
100 _a Miri Yemini; Laura C. Engel; Claire Maxwell
_91016951
245 4 _aThe Machinery of School Internationalisation in Action
260 _bTaylor and Francis
260 _c2020
856 _uhttp://www.taylorfrancis.com/books/9780429280627
942 _cEBOOK
999 _c1583770
_d1583770